00668nam a22001097a 4500008004100000100005400041245008000095260003400175300003400209520028100243773003400524260428b ||||| |||| 00| 0 eng d a Arya, Abhishek and Bhagyanagar, Vipanchika S.  aThe illusion of justice : Mercy and the foundation of criminal law in INDIA aEconomic & Political Weekly  a61(12), Mar 21, 2026: p.27-28 aTrials of Sovereignty: Mercy, Violence, and the Making of Criminal Law in British India 1857–1922 by Alastair McClure, Cambridge: Cambridge University Press, 2024; pp 386, £105 (hardcover).-Reproduced https://www.epw.in/journal/2026/12/book-reviews/illusion-justice.html  aEconomic & Political Weekly